000 01481cam a2200289 a 4500
003 EG-GiCUC
005 20250223032208.0
008 190217s1997 ua f m 000 0 eng d
040 _aEG-GiCUC
_beng
_cEG-GiCUC
041 0 _aeng
049 _aDeposite
097 _aPh.D
099 _aCai01.17.04.Ph.D.1997.Sa.S
100 0 _aSamia Ibrahim Mohamed Atia
245 1 0 _aStrategies and styles of conflict resolution utilized by nurse leaders in military, public and private hospitals in Cairo =
_bالطرق و الانماط التى تستخدمها قيادات التمريض فى حل الصراع فى المستشفيات العسكرية و العامة و الخاصة بالقاهرة /
_cSamia Ibrahim Mohamed Atia ; Supervised Cheherazade Chazi , Aisha Awad , Nehad Ezz Eldin Fikry
246 1 5 _aالطرق و الانماط التى تستخدمها قيادات التمريض فى حل الصراع فى المستشفيات العسكرية و العامة و الخاصة بالقاهرة
260 _aCairo :
_bSamia Ibrahim Mohamed Atia ,
_c1997
300 _a187 Leaves ;
_c30cm
502 _aThesis (Ph.D.) - Cairo University - Faculty of Nursing - Department of Nursing Science
700 0 _aAisha Awad ,
_eSupervisor
700 0 _aCheherazade Chazi ,
_eSupervisor
700 0 _aNehad Ezz Eldin Fikry ,
_eSupervisor
856 _uhttp://172.23.153.220/th.pdf
905 _aNazla
_eRevisor
905 _aSamia
_eCataloger
942 _2ddc
_cTH
999 _c70251
_d70251